000 01025nas a2200337 4500
001 BR2012009214
003 BR-BrBNA
005 20231205121553.0
007 ta
008 230509b bl.|||p| |||| 00| 00por d
040 _aBR-BrBNA
_bpor
_cBiblioteca Nacional de Agricultura
041 _a(Pt)
072 _aL73
100 1 _aBezerra, R.A.
100 1 _aMendinça, C.E. de A.
100 1 _aSicupira, P.M.L.
100 1 _aMunhoz, A.D.
100 1 _aRibeiro, A.R. da P.
100 1 _aCarlos, R.S.A.;
100 1 _aAlbuquerque, G.R.
245 1 _aPrevalência de anticorpos contra Brucella canis em cães na região de Ilhéus-Itabuna, estado da Bahia, Brasil
650 _aCÃO
650 _aBRUCELLA
650 _aBACTÉRIA
650 _aANTICORPO
650 _aEPIDEMIOLOGIA
650 _aBAHIA
773 0 _tRevista Brasileira de Medicina Veterinária (Brazil)
_xISSN 0100-2430
_g(Jan-Mar 2012), v. 34(1) p. 27-30
_wBR2012009214
909 _a202311
_bLúcia
_c55
_dLúcia Elande
942 _2AGRIS
_n0
_cANA
999 _c224172
_d224172